| 000 | 01550nam a2200289 a 4500 | ||
|---|---|---|---|
| 001 | BRCA_2708 | ||
| 005 | 20190320203931.0 | ||
| 008 | 031208s1890----fr-a---###---#000-0dspa-# | ||
| 041 | _aspa | ||
| 044 | _afr | ||
| 084 |
_a213 _b.G376 _c1890 |
||
| 100 | 1 |
_aCervantes Saavedra, Miguel de _d1547-1616 _9213 |
|
| 245 | 1 | 0 |
_aEl Ingenioso Hidalgo Don Quijote de la Mancha _ccompuesto por Miguel de Cervantes Saavedra. |
| 260 |
_aParís _bGarnier hermanos _c1890 |
||
| 300 |
_axliv, 786 p. _bil. _c24 cm. |
||
| 500 | _aContenido : Primera parte. Vida de Cervantes refundición de la escrita por Aribau. Dedicatoria del autor. Prólogo del autor. Versos preliminares. Texto. Segunda parte. Dedicatoria del autor. Prólogo del autor. Texto | ||
| 500 | _aEdición : Conforme a la última corregida por la Academia Española con notas para la buena inteligencia del texto | ||
| 500 | _aEdición hecha sobre la de 1873 de los mismos editores. Va adornada con láminas dibujadas por Staal, grabadas por Mouard y Pinnard. Impresión muy buena y papel también. Tela; lomera y planos decorados con florones y filetes en negro y dorado; corte dorado también. Bello ejemplar Lúdovik Osterc | ||
| 500 | _aQMR109 (?) | ||
| 650 | 1 | 4 |
_aNovela española _yÉpoca clásica, 1500-1700 _9215 |
| 650 | 1 | 4 |
_aLiteratura española _yÉpoca clásica, 1500-1700 _9216 |
| 650 | 1 | 4 |
_aNovela española _ySiglo XVII _9217 |
| 650 | 1 | 4 |
_aDon Quijote (Personaje ficticio) _eNovela _9218 |
| 740 | 0 | _aEl Ingenioso Hidalgo Don Quijote de la Mancha | |
| 902 | _aQFM | ||
| 942 |
_2lcc _cB |
||
| 999 |
_c2448 _d2448 |
||